Open Data Biblioteca Nacional de Portugal


República Portuguesa: Ministério da Cultura
Biblioteca Nacional de Portugal

Catálogo da BNP: acesso por Identificadores Unívocos
Registos Bibliográficos associados ao registo de autoridade

Etiqueta de registo: 00000nkm 2200025 450
001 2282351
003 http://id.bnportugal.gov.pt/bib/catbnp/2282351
100 ## $a20260320d1992 m y0pory01030103ba
101 0# $apor
102 ## $aPT
200 1# $aIII Conferência Sindical sobre as mulheres trabalhadoras, LNEC - Lisboa, 10 e 11 de sbril 1992$bVisual gráfico]$fComissão Nacional Mulheres, CGTP - IN$gJosé Almeida
210 #9 $a[Lisboa]$cComissão Nacional Mulheres, CGTP - IN,$d1992
215 ## $a1 cartaz$ccolor.$d64x46 cm
317 ## $aColeção Madeira Luís
702 #1 $aAlmeida,$bJosé de,$d1943-$4410$31025117
710 02 $aComissão Nacional Mulheres$31992897
711 02 $aCGTP-IN$34741
801 #0 $aPT$bBN$gRPC
966 ## $lBN$mICONOG$sCT. 25396 A.$x3
971 ## $cCaticonografia5$d20260320
995 ## $aPRR2026

OpendataBNP@bnportugal.pt | Mais informação sobre acesso aos dados BNP